000 00382nam a2200157Ia 4500
008 231221s9999 xx 000 0 und d
041 _aEnglish
082 _a658.8 CHU;1 R
100 _aChunawalla, S A Sethia, K C
245 0 _aSales management
250 _a4 rev ed.
260 _c2002
_bMumbai : Himalaya,
300 _a226
650 _aSales,management
942 _cBM
999 _c201591
_d201591